000 00567nam a2200193Ia 4500
005 20250923150204.0
008 008 250917s9999 xx 000 0 eng d
037 _aTextual
040 _aDSWL
_beng
_cDSWL
041 _aeng
_2eng
084 _aY15:491.2, P6
_qDSWL
245 0 _aViolence against women : Issues and perspectives
_cEd.by Aruna Goel
260 _aNew Delhi
_b Deep & Deep Sons India
_c2006
300 _axxviii, 295p.
365 _aINR
_b850 . 0
925 _g850 . 0
942 _cTEXL
_hY15:491.2, P6
999 _c1460592
_d1460592